000 00322 a2200145 4500
001 168255
020 _a
040 _cMagnum
100 _aBienfait, Marcel
240 1 0 _aOs desequilibrios estaticos
_lpor
245 1 0 _aOs desequilibrios estaticos
362 0 _a1899
697 _aCIENCIAS MEDICAS SAUDE
942 _cBK
999 _c168255
_d168255